Normal view
MARC view
Entry Topical Term
001 - CONTROL NUMBER
- control field: 4927
003 - CONTROL NUMBER IDENTIFIER
- control field: OSt
005 - DATE AND TIME OF LATEST TRANSACTION
- control field: 20190429154955.0
008 - FIXED-LENGTH DATA ELEMENTS
- fixed length control field: 190429|| aca||aabn | a|a d
040 ## - CATALOGING SOURCE
- Original cataloging agency: OSt
- Transcribing agency: OSt
150 ## - HEADING--TOPICAL TERM
- Topical term or geographic name entry element: Deen Dayal Upadhyaya Grameen Kaushalya Yojana
670 ## - SOURCE DATA FOUND
- Source citation: Work cat.: (OSt): Mishra, Pragatika 4926, Effects of Deen Dayal Upadhyaya Grameen Kaushalya Yojna (DDU-GKY) on employment and income in Keonjhar district of Odisha, 2018
